| Tag |
First Indicator |
Second Indicator |
Subfields |
| LEADER |
00000cam a2200000 4500 |
| 001 |
in00000049041 |
| 005 |
20151007065627.0 |
| 008 |
800528s1961 wb a 00000 ger d |
| 035 |
|
|
|a (OCoLC)06365283
|
| 035 |
|
|
|9 AAE2356AM
|
| 040 |
|
|
|a TXA
|c TXA
|d UtOrBLW
|
| 049 |
|
|
|a TXAM
|c [350958]
|
| 090 |
|
|
|a QE501
|b .B57 1961
|
| 092 |
|
|
|a 550
|b B621g, 1961
|
| 100 |
1 |
|
|a Bischoff, Gerhard.
|
| 245 |
1 |
4 |
|a Der Griff ins Erdinnere :
|b praktische Geologie.
|
| 264 |
|
1 |
|a Berlin :
|b Safari,
|c 1961.
|
| 300 |
|
|
|a 384 pages :
|b illustrations
|
| 336 |
|
|
|a text
|b txt
|2 rdacontent
|
| 337 |
|
|
|a unmediated
|b n
|2 rdamedia
|
| 338 |
|
|
|a volume
|b nc
|2 rdacarrier
|
| 650 |
|
0 |
|a Geology.
|
| 650 |
|
0 |
|a Geology, Economic.
|
| 999 |
|
|
|a MARS
|
| 999 |
f |
f |
|s 7e035402-cac8-383c-a44c-3891eba94b27
|i 86f6abd9-47e5-3234-a196-3a8bdbeda6c0
|t 0
|
| 952 |
f |
f |
|p ric
|a Texas A&M University
|b Rellis Campus
|c Joint Library Facility
|d Remote Storage
|t 0
|e QE501 .B57 1961
|h Library of Congress classification
|i unmediated -- volume
|m A14800948205
|
| 998 |
f |
f |
|a QE501 .B57 1961
|t 0
|l Remote Storage
|